| 000 | 02484nam2a2200301 4500 | ||
|---|---|---|---|
| 001 | RU\NLR\bibl\1461150 | ||
| 005 | 20250615234844.0 | ||
| 010 |
_a978-5-7473-0430-7 _9600 |
||
| 021 |
_aRU _b2009-92768 _95865 |
||
| 035 | _a(NLR Aleph) 001452915 | ||
| 090 |
_a1534543 _c1534543 |
||
| 100 | _a20100114d2009 |||y0rusy50 ca | ||
| 101 | 0 | _arus | |
| 102 | _aRU | ||
| 105 | _aa ||||||||| | ||
| 200 | 1 |
_aЭлектропривод и специальные электрические машины _e[для студентов III курса специальностей: 190402 Автоматика, техника и связь на железнодорожном транспорте (АТС), 190401 Электроснабжение железных дорог (ЭНС) и студентов IV курса специальностей: 190303 Электрический транспорт железных дорог (ЭПС), 190301 Локомотивы (Т), 190302 Вагоны (В)] _fВ.И. Седов, В.В. Орлов, В.В. Шумейко _gМоск. гос. ун-т путей сообщ. |
|
| 210 |
_aМосква _cРОАТ _cМИИТ _d2009 |
||
| 215 |
_a75 с. _cил. _e21 |
||
| 320 | _aБиблиогр.: с. 72 (9 назв.) | ||
| 461 | 0 |
_1001RU\NLR\bibl\853738 _12001#$aЭлектрические машины и электропривод$vЧ. 3 _91429149 _aШумейко, В. В. _cМосква _d2004 _fВ. В. Шумейко, В. В. Орлов, В. И. Седов _nРГОТУПС _oучебное пособие : [для студентов 3 курса специальностей 210700 Автоматика, телемеханика и связь на железнодорожном транспорте; 101800 Электроснабжение железных дорог (ЭНС) и студентов 4 курса специальностей 181400 Электрический транспорт железных дорог (ЭПС); 150700 Локомотивы (Т); 150800 Вагоны (В)] _tЭлектрические машины и электропривод _vЧ. 3 |
|
| 606 | 1 |
_aЭлектрические машины специального назначения _jУчебные издания для высших учебных заведений _91385577 _3RU\NLR\auth\66268464 |
|
| 686 | _aЗ260.2я73-1 | ||
| 801 | 0 |
_aRU _bNLR _c20100114 _gRCR |
|
| 801 | 1 |
_aRU _bNLR _c20100114 |
|
| 830 | _aпо кн | ||
| 942 | _cBOOK | ||
| 980 | _aNB | ||